Bolívar y la vigencia Del poder moral /

Estudio que interpreta el pensamiento político-social de Simón Bolívar (1783-1830), militar y político venezolano, a partir del texto denominado Del poder moral promulgada por el Libertador, que facultaba la creación de una instancia encargada de vigilar las acciones del gobierno.

Guardado en:
Detalles Bibliográficos
Autor principal: Cordero Ceballos, José de Jesús (autor)
Otros autores: Schacht Aristeguieta, Efraín (prólogo) (prólogo)
Formato: Libro
Idioma:Español
Publicado: Caracas, Venezuela : Academia de Ciencias Políticas y Sociales, 1988, c1988
Colección:(Biblioteca de la Academia de Ciencias Políticas y Sociales ; Estudios) 35.
Temas:
Etiquetas: Agrega una etiqueta
Sin etiquetas, Sé el primero en etiquetar este registro!

MARC

LEADER 00000nam^a2200000^a^4500
001 000279569
005 20250521000000.0
009 20260310111439.211
020 |a 980-6106-08-3 
037 |a Acervo Xavier Clavigero 
041 |a ESP 
082 |a 980. 02  |b COR 
100 |a Cordero Ceballos, José de Jesús  |e (autor) 
245 1 0 |a Bolívar y la vigencia Del poder moral /  |c J.J. Cordero Ceballos ; pról. de E. Schacht Aristeguieta. 
264 4 |a Caracas, Venezuela :  |b Academia de Ciencias Políticas y Sociales,  |c 1988, c1988 
300 |a 95 p. 
336 |a texto  |b txt  |2 rdacontenido 
337 |a sin mediación  |b n  |2 rdamedio 
338 |a volumen  |b nc  |2 rdasoporte 
440 1 |a (Biblioteca de la Academia de Ciencias Políticas y Sociales ;  |v 35.  |p Estudios) 
520 |a Estudio que interpreta el pensamiento político-social de Simón Bolívar (1783-1830), militar y político venezolano, a partir del texto denominado Del poder moral promulgada por el Libertador, que facultaba la creación de una instancia encargada de vigilar las acciones del gobierno. 
649 |a XX 
650 |a Independentistas Venezolanos 
650 |a Militares Venezolanos 
650 |a Revolucionarios Venezolanos 
650 |a Políticos Venezolanos 
650 |a Responsabilidad del Estado -  |z América del Sur -  |x Historia 
650 |a América del Sur -  |x Historia -  |y Guerras de Independencia 
650 |a Bolívar, Simón -  |x Tema Principal 
700 |a Schacht Aristeguieta, Efraín  |e (prólogo) 
910 |a Fondo General 
920 |a Impresos - Libros 
930 |a Colección General 
905 |a 101 
901 |a 0500166419  |b IT1  |c ACC  |u 20250521 
902 |a https://opac.biblio.iteso.mx/vufind/Record/000279569